Centro Urbano Galerías Melchor Ocampo /
Los centros urbanos son núcleos de mayor densidad de uso de suelo, que permiten alojar más población y concentran actividades administrativas, económicas, habitacionales, recreativas, cívicas y sociales. Aquí se describe el Centro Urbano Galerías Melchor Ocampo (D.F.), un condominio constituido por...
Saved in:
| Format: | Book |
|---|---|
| Language: | Español |
| Subjects: | |
| Tags: |
No Tags, Be the first to tag this record!
|
MARC
| LEADER | 00000nam^a2200000^a^4500 | ||
|---|---|---|---|
| 001 | 000188851 | ||
| 005 | 20250521000000.0 | ||
| 009 | 20260310102353.88 | ||
| 037 | |a Acervo ITESO - Biblioteca | ||
| 041 | |a ESP | ||
| 082 | |a 720. 972532 |b CEN | ||
| 245 | 1 | 0 | |a Centro Urbano Galerías Melchor Ocampo / |
| 264 | |a México : |b Centro Urbano Galerías Melchor Ocampo, |c fecha no identificada | ||
| 300 | |a 158 p. | ||
| 336 | |a texto |b txt |2 rdacontenido | ||
| 337 | |a sin mediación |b n |2 rdamedio | ||
| 338 | |a volumen |b nc |2 rdasoporte | ||
| 520 | |a Los centros urbanos son núcleos de mayor densidad de uso de suelo, que permiten alojar más población y concentran actividades administrativas, económicas, habitacionales, recreativas, cívicas y sociales. Aquí se describe el Centro Urbano Galerías Melchor Ocampo (D.F.), un condominio constituido por cuatro torres con dieciseis plantas para oficinas, un núcleo hotelero, un edificio de estacionamiento y un centro comercial con cuatro plantas. Se presentan además, el reglamento del conjunto, las especificaciones de la construcción, así como planos y croquis de localización. | ||
| 649 | |a XX | ||
| 650 | |a Centros Comerciales - |z México (Ciudad) - |x Leyes y Reglamentos | ||
| 650 | |a Centros Comerciales - |z México (Ciudad) - |x Tema Principal | ||
| 650 | |a Centros Comerciales - |z México - |x Leyes y Reglamentos | ||
| 650 | |a Centros Comerciales - |z México | ||
| 650 | |a Zonas Comerciales y de Servicios - |z México (Ciudad) | ||
| 650 | |a Zonas Comerciales y de Servicios - |z México | ||
| 650 | |a Arquitectura Mexicana - |x Historia y Crítica | ||
| 650 | |a Arte Mexicano - |x Historia y Crítica | ||
| 650 | |a México (Ciudad) - |x Descripción | ||
| 650 | |a México - |x Descripción | ||
| 910 | |a Fondo Julio de la Peña Lomelín | ||
| 920 | |a Impresos - Libros | ||
| 930 | |a Arquitectos Jaliscienses | ||
| 905 | |a 115 | ||
| 901 | |a 0500131582 |b IT1 |c JAL |u 20250521 | ||
| 902 | |a https://opac.biblio.iteso.mx/vufind/Record/000188851 | ||